000 00851nam a2200241 a 4500
001 BD-DhSAU 5023
003 BD-DhSAU
005 20150410105256.0
008 941206s1994 gw ab rb 001 0 eng d
020 _a3823612263
040 _aBD-DhSAU
082 0 0 _a631.42
_222
_bSUS
100 2 _aMüller-Sämann, Karl M.
245 1 0 _aSustaining growth :
_bsoil fertility management in tropical smallholdings /
_cKarl M. Müller-Sämann and Johannes Kotschi ; [translation, Christine Ernsting and Simon Chater].
260 _aWeikersheim, Germany :
_bMargraf Verlag,
_cc1994.
300 _a486 p. :
_bill., maps ;
_c21 cm.
504 _aIncludes bibliographical references.
590 _ajoy
650 0 _aSoil management
_zTropics.
650 0 _aSoil productivity
_zTropics.
650 0 _aSoil fertility
_zTropics.
700 1 _aKotschi, Johannes,
_d1949-
942 _2ddc
_cBOOK
999 _c5023
_d5023